Statistics for Famous Football Players Picture Quiz - Croatia

Click here to take the quiz!

General Stats

  • This quiz has been taken 175 times
  • The average score is 11 of 15

Answer Stats

Answer% Correct
Luka Modrić
100%
Ivan Rakitić
96%
Ivan Perišić
92%
Mario Mandžukić
91%
Domagoj Vida
88%
Danijel Subašić
83%
Davor Šuker
82%
Darijo Srna
78%
Ivica Olić
73%
Slaven Bilić
71%
Stipe Pletikosa
65%
Robert Prosinečki
63%
Ivan Strinić
61%
Niko Kranjčar
50%
Zvonimir Boban
49%

Score Distribution

Percentile by Number Answered

Percent of People with Each Score

Your Score History

You have not taken this quiz